00663nam a22001817a 4500003000600000005001700006008004100023040000800064082001500072245011000087250001200197260009000209300001200299440002700311650004300338650005200381650004800433GBCCL20241126110713.0230224b ||||| |||| 00| 0 eng d cgbc a261.8bNOM aNo more guns! : bpeople's struggle for justice : focus on North East India /cedited by A. Wati Longchar a2nd ed. aJorhat, Assam, bEastern Theological College The Department of Tribal Studies, c2006 a 178 p. aTribal study seriesn7 aIndia, zNortheastern Race relations aNon violence vReligious aspects xChristianity aViolence vReligious aspects xChristianity